| 000 | 04305cam a22006734i 4500 | ||
|---|---|---|---|
| 003 | PE-LiUPU | ||
| 005 | 20250731173543.0 | ||
| 008 | 150616s2009 ag r 000 0 spa d | ||
| 020 | _a9789505731497 | ||
| 035 | _a(Sirsi) i9789505731497 | ||
| 040 |
_aPE-LiUPU _bspa _cPE-LiUPU _erda |
||
| 049 | _aPRUA | ||
| 082 | 0 | 4 |
_a286.7325 _bHC _221 |
| 100 | 1 |
_aWhite, Elena G, _d1827-1915, _eautor. |
|
| 245 | 1 | 3 |
_aEl hogar cristiano / _cElena G. de White. |
| 250 | _aPrimera edición. | ||
| 264 | 1 |
_aBuenos Aires : _bAsociación Casa Editora Sudamericana, _c2009. |
|
| 300 |
_a541 páginas ; _c18 centímetros |
||
| 336 |
_atext _2rdacontent |
||
| 337 |
_aunmediated _2rdamedia |
||
| 338 |
_avolume _2rdacarrier |
||
| 505 | 0 | _aEl bello hogar -- La luz de la comunidad -- La elección del cónyuge -- Factores de éxito o fracaso -- Acerca del altar matrimonial -- El nuevo hogar -- La heredad del Señor -- El Éxito en la familia -- El padre, vinculo del hogar -- La reina de la familia -- Socios menores de la familia -- Normas de la vida familiar -- El uso del dinero -- Vía de acceso al alma -- Las gracias familiares -- Las relaciones sociales -- Recreación y solaz -- Serán recompensados. | |
| 526 | _aSEG42 | ||
| 526 | _aSEG41 | ||
| 526 | _aSEG40 | ||
| 526 | _aSEG39 | ||
| 526 | _aP94 | ||
| 526 | _aP87 | ||
| 526 | _aP86 | ||
| 526 | _aP85 | ||
| 526 | _aP77 | ||
| 526 | _aP76 | ||
| 526 | _aP35 | ||
| 650 | 0 | 4 | _aFamilia cristiana. |
| 650 | 0 | 4 |
_aPadres e hijos. _92059 |
| 910 |
_ajck _bjvq _cjck |
||
| 910 |
_btqv _cwelc _d20170823 |
||
| 942 |
_2ddc _cBOOK |
||
| 949 |
_a286.7325 HC _wDEWEY _c1 _i64490 _d2016-10-27 _e2016-10-27 _kCHECKEDOUT _lCCODEBUL1 _mBUL _n40 _rM _sY _tBOOK _u2015-6-16 _xTEOLOGIA _zUNKNOWN _0COMPRA _o.CIRCNOTE. IMPORTANTE!!!!!!! ESTE DOCUMENTO NO SE PRESTA. PRESTAR LOS OTROS 3 EJEMPLARES. _o.STAFF. Colección Teología |
||
| 949 |
_a286.7325 HC _wDEWEY _c2 _i64491 _d2016-11-15 _e2016-11-14 _lCCODEBUL1 _mBUL _n47 _r0 _sY _tBOOK _u2015-6-16 _xTEOLOGIA _zUNKNOWN _0COMPRA _o.STAFF. Colección Teología |
||
| 949 |
_a286.7325 HC _wDEWEY _c3 _i64492 _d2016-11-24 _e2016-11-21 _lCCODEBUL1 _mBUL _n27 _r0 _sY _tBOOK _u2015-6-16 _xTEOLOGIA _zUNKNOWN _0COMPRA _o.STAFF. Colección Teología |
||
| 949 |
_a286.7325 HC _wDEWEY _c4 _i64493 _d2016-11-8 _e2016-10-31 _lCCODEBUL1 _mBUL _n36 _r0 _sY _tBOOK _u2015-6-16 _xTEOLOGIA _zUNKNOWN _0COMPRA _o.STAFF. Colección Teología |
||
| 949 |
_a286.7325 HCL _wDEWEY _c5 _i64494 _mBUL _r0 _sY _tBOOK _u2015-6-16 _xBIBLIOTECA _zUNKNOWN _0COMPRA _o.STAFF. Colección Teología |
||
| 949 |
_aW248.4 HCRIST 1988 _wDEWEY _c1 _iFJ09388 _lCCODECWJ1 _mBUJ _p15.00 _r0 _sY _tBOOK _u2017-08-23 _xBIBLIOTECA _zUNKNOWN _0COMPRA _o.STAFF. Colección General Juliaca |
||
| 994 |
_aC0 _bPEPRU |
||
| 596 | _a1 3 | ||
| 999 |
_a286.7325 HC _wDEWEY _c60593 _i64490 _d60593 _e2016-10-27 _lLOST _mBUL _n40 _r1 _sY _tBOOK _u2015-6-16 _xTEOLOGIA _zUNKNOWN _0COMPRA _o.CIRCNOTE. IMPORTANTE!!!!!!! ESTE DOCUMENTO NO SE PRESTA. PRESTAR LOS OTROS 3 EJEMPLARES. _o.STAFF. Colección General |
||
| 999 |
_a286.7325 HC _wDEWEY _c2 _i64491 _d2022-7-7 _e2018-4-26 _f2021-11-11 _g6 _lCCODEBUL1 _mBUL _n51 _p15.00 _q13 _r0 _sY _tBOOK _u2015-6-16 _xTEOLOGIA _zUNKNOWN _0COMPRA _o.STAFF. Colección Teología |
||
| 999 |
_a286.7325 HC _wDEWEY _c3 _i64492 _d2022-7-18 _e2019-9-20 _f2021-11-11 _g5 _lCCODEBUL1 _mBUL _n50 _p15.00 _q15 _r0 _sY _tBOOK _u2015-6-16 _xTEOLOGIA _zUNKNOWN _0COMPRA _o.STAFF. Colección Teología |
||
| 999 |
_a286.7325 HC _wDEWEY _c4 _i64493 _d2019-9-25 _e2019-9-25 _f2021-11-11 _g5 _lCCODEBUL1 _mBUL _n65 _p15.00 _q10 _r0 _sY _tBOOK _u2015-6-16 _xTEOLOGIA _zUNKNOWN _0COMPRA _o.STAFF. Colección Teología |
||
| 999 |
_a286.7325 HCL _wDEWEY _c5 _i64494 _lLOST _mBUL _r1 _sY _tBOOK _u2015-6-16 _xBIBLIOTECA _zUNKNOWN _0COMPRA _o.STAFF. Colección General |
||
| 999 |
_aW248.4 HCRIST 1988 _wDEWEY _c1 _iFJ09388 _d2019-11-7 _e2019-10-2 _f2022-2-2 _g4 _lCCODECWJ1 _mBUJ _n12 _q9 _r0 _sY _tBOOK _u2017-8-23 _xBIBLIOTECA _zUNKNOWN _0COMPRA _o.STAFF. Colección General Juliaca |
||
| 980 |
_81 _gALBERTO SANCHEZ Responsable de Automatización |
||